[Event "Bernardo Smith Memorial"]
[Site "San Francisco"]
[Date "2005.08.21"]
[Round "4"]
[White "Vayntrub, Dmitry"]
[Black "Pruess, David"]
[Result "0-1"]
[WhiteElo "2075"]
[BlackElo "2429"]
[PlyCount "122"]
[EventDate "2005.08.20"]
[EventType "swiss"]
[EventRounds "6"]
[EventCountry "USA"]

1. c4 e6 2. g3 d5 3. Bg2 c6 4. cxd5 exd5 5. d4 Bd6 6. Nc3 Nf6 7. Nf3 O-O 8. O-O
Bf5 9. a3 Nbd7 10. Re1 Re8 11. Nh4 Bg4 12. Qd3 Nb6 13. b4 a6 14. f3 Be6 15. e4
dxe4 16. fxe4 Ng4 17. Qd1 a5 18. b5 c5 19. e5 Be7 20. d5 c4 21. Rf1 Bc8 22. e6
Nf6 23. exf7+ Kxf7 24. Kh1 Kg8 25. Bf4 Bd6 26. Bg5 Be5 27. Rc1 Bg4 28. Bxf6 Qd7
29. Qd2 Bxf6 30. Rxf6 gxf6 31. Qd4 Nc8 32. Ne4 Rxe4 33. Bxe4 Nd6 34. Bg2 Kg7
35. Rf1 Rf8 36. a4 Be2 37. Rf2 Bd3 38. Kg1 Qe7 39. Bf1 Qe5 40. Nf3 Qxd4 41.
Nxd4 Rc8 42. Ne6+ Kf7 43. Bxd3 cxd3 44. Rd2 Rc3 45. Nf4 Rc1+ 46. Kg2 Rc2 47.
Rxc2 dxc2 48. Nd3 Ne4 49. Nc1 Ke7 50. Kf3 Nc3 51. Ke3 Kd6 52. Kd3 Nxa4 53. Kxc2
Kxd5 54. Nd3 Nc5 55. Nf4+ Kc4 56. b6 Nd7 57. g4 Nxb6 58. Ne6 Nd7 59. g5 Kd5 60.
Nf4+ Ke4 61. g6 hxg6 0-1

[Event "Bernardo Smith Memorial"]
[Site "San Francisco"]
[Date "2005.08.21"]
[Round "4"]
[White "Wilson, Stephen"]
[Black "Bhaskar, Nitya"]
[Result "0-1"]
[WhiteElo "1140"]
[BlackElo "1219"]
[PlyCount "70"]
[EventDate "2005.08.20"]
[EventType "swiss"]
[EventRounds "6"]
[EventCountry "USA"]

1. e4 c5 2. Nc3 Nc6 3. Nf3 g6 4. d4 cxd4 5. Nxd4 Bg7 6. Nxc6 bxc6 7. Bd2 e5 8.
Bc4 Nf6 9. f3 O-O 10. Qc1 Bb7 11. Bh6 d5 12. Bxg7 Kxg7 13. Bd3 Qa5 14. Qd2 d4
15. Ne2 Qb6 16. b3 c5 17. Ng3 a5 18. a4 Rac8 19. O-O Rfd8 20. Rab1 Qe6 21. Qxa5
Ra8 22. Qxc5 Nd7 23. Qa3 Rdc8 24. b4 Ra7 25. a5 Rca8 26. Ra1 Qd6 27. Rfc1 Nb8
28. c4 dxc3 29. Rxc3 Qd4+ 30. Kh1 Nc6 31. Rc4 Qd6 32. Rc5 Nxb4 33. Rc3 Rxa5 34.
Qxa5 Rxa5 35. Rxa5 Nxd3 {remainder illegible} 0-1

[Event "Bernardo Smith Memorial"]
[Site "San Francisco"]
[Date "2005.08.21"]
[Round "4"]
[White "Woebcke, Carl"]
[Black "Jasthi, Sreekar"]
[Result "1-0"]
[WhiteElo "1751"]
[BlackElo "1571"]
[PlyCount "46"]
[EventDate "2005.08.20"]
[EventType "swiss"]
[EventRounds "6"]
[EventCountry "USA"]

1. e4 c5 2. Nf3 d6 3. d4 cxd4 4. Nxd4 Nf6 5. Nc3 a6 6. Bc4 e6 7. O-O b5 8. Bb3
b4 9. Nce2 Nxe4 10. Re1 d5 11. f3 Nf6 12. Nf4 Bc5 13. Ba4+ Bd7 14. c3 bxc3 15.
bxc3 Qa5 16. Nfxe6 fxe6 17. Rxe6+ Kf7 18. Bxd7 Nbxd7 19. Re3 Rhe8 20. Rxe8 Rxe8
21. Bb2 Nb6 22. Kh1 Nc4 23. Rb1 Nxb2 1-0

[Event "Bernardo Smith Memorial"]
[Site "San Francisco"]
[Date "2005.08.21"]
[Round "4"]
[White "Zhu, Kevin"]
[Black "Triptow, Tim"]
[Result "1-0"]
[WhiteElo "1355"]
[BlackElo "670"]
[PlyCount "69"]
[EventDate "2005.08.20"]
[EventType "swiss"]
[EventRounds "6"]
[EventCountry "USA"]

1. e4 e5 2. Nf3 Nc6 3. Bc4 d5 4. exd5 Nd4 5. Nxd4 exd4 6. O-O Bd6 7. Re1+ Ne7
8. c3 d3 9. Bxd3 O-O 10. Bc4 c6 11. dxc6 Nxc6 12. d4 Qf6 13. Be3 Na5 14. Bd3
Bf5 15. Bxf5 Qxf5 16. Nd2 Rae8 17. Nf3 Nc4 18. Bc1 Bf4 19. Bxf4 Qxf4 20. Qb3
Rxe1+ 21. Rxe1 Nd2 22. Qxb7 Nxf3+ 23. Qxf3 Qd2 24. Qe2 Qxe2 25. Rxe2 h5 26. Re7
a6 27. Ra7 Re8 28. h3 Re2 29. d5 Rxb2 30. d6 Rb8 31. d7 Kf8 32. c4 Ke7 33. c5
Kd8 34. c6 g5 35. c7+ 1-0

[Event "Bernardo Smith Memorial"]
[Site "San Francisco"]
[Date "2005.08.21"]
[Round "5"]
[White "Chan, John"]
[Black "Singh, Alok"]
[Result "0-1"]
[WhiteElo "1644"]
[BlackElo "1753"]
[PlyCount "29"]
[EventDate "2005.08.20"]
[EventType "swiss"]
[EventRounds "6"]
[EventCountry "USA"]

1. c4 Nf6 2. Nc3 g6 3. d4 d5 4. c5 c6 5. Nf3 Bg7 6. g3 O-O 7. Bg2 Nbd7 8. O-O
Re8 9. Bf4 Nh5 10. Qd2 Nxf4 11. Qxf4 e5 12. dxe5 Nxe5 13. Nxe5 Bxe5 14. Qd2 a5
15. a4 {remainder illegible} 0-1

[Event "Bernardo Smith Memorial"]
[Site "San Francisco"]
[Date "2005.08.21"]
[Round "5"]
[White "Duran, Robert"]
[Black "Kokish, Iris"]
[Result "1-0"]
[WhiteElo "1507"]
[BlackElo "1724"]
[PlyCount "107"]
[EventDate "2005.08.20"]
[EventType "swiss"]
[EventRounds "6"]
[EventCountry "USA"]

1. d4 d5 2. c4 c6 3. Nf3 Nf6 4. Nc3 g6 5. e3 Bg7 6. Ne5 Nbd7 7. f4 e6 8. Qf3
Qc7 9. b3 O-O 10. Bd3 Nxe5 11. fxe5 Nd7 12. O-O f6 13. Ba3 Rf7 14. Bd6 Qa5 15.
Rac1 Bf8 16. c5 b5 17. Qh3 f5 18. Rf2 Bxd6 19. cxd6 a6 20. e4 Qb6 21. Ne2 Nxe5
22. exd5 Nxd3 23. Qxd3 cxd5 24. Qg3 Rd7 25. Rc7 Rxc7 26. dxc7 Ra7 27. Qe5 Qxc7
28. Qe3 Qd6 29. Rf1 Re7 30. Rc1 Bb7 31. Re1 Kg7 32. Nf4 Kf6 33. Nd3 g5 34. Qh3
Rg7 35. Nc5 Bc8 36. Qh6+ Kf7 37. Re5 Qe7 38. b4 Qf6 39. Qh5+ Qg6 40. Qe2 f4 41.
Nd3 Qf6 42. Qh5+ Kg8 43. Nf2 Qg6 44. Qd1 Rc7 45. Nd3 Rc4 46. Ne1 Rxb4 47. Qg4
h6 48. a4 Rxd4 49. Nf3 Re4 50. a5 Qf6 51. Rxe4 dxe4 52. Nd2 Qf5 53. Qd1 e3 54.
Nf3 1-0

[Event "Bernardo Smith Memorial"]
[Site "San Francisco"]
[Date "2005.08.21"]
[Round "5"]
[White "Hilliard, Michael"]
[Black "Bhaskar, Nitya"]
[Result "1-0"]
[WhiteElo "1436"]
[BlackElo "1219"]
[PlyCount "71"]
[EventDate "2005.08.20"]
[EventType "swiss"]
[EventRounds "6"]
[EventCountry "USA"]

1. d4 Nf6 2. Nf3 g6 3. e3 Bg7 4. Bd3 d6 5. b3 O-O 6. Bb2 Nbd7 7. Nc3 b6 8. Qe2
Bb7 9. O-O-O c5 10. e4 a6 11. dxc5 dxc5 12. e5 Nh5 13. Qe3 e6 14. Be4 Bxe4 15.
Nxe4 f5 16. exf6 Nhxf6 17. Nxf6+ Bxf6 18. Qxe6+ Kh8 19. Rxd7 Bxb2+ 20. Kxb2 Rf6
21. Qe7 Qxe7 22. Rxe7 Rd8 23. Rhe1 Rff8 24. Ne5 h6 25. Nf7+ Rxf7 26. Rxf7 b5
27. Re6 g5 28. Rxh6+ Kg8 29. Ra7 g4 30. Rc6 Rf8 31. f3 gxf3 32. gxf3 c4 33.
bxc4 bxc4 34. Rxc4 Rb8+ 35. Kc3 Rb6 36. Rc8# 1-0

[Event "Bernardo Smith Memorial"]
[Site "San Francisco"]
[Date "2005.08.21"]
[Round "5"]
[White "Krubnik, Ewelina"]
[Black "Tamondong, Cesar"]
[Result "1-0"]
[WhiteElo "1743"]
[BlackElo "1511"]
[PlyCount "107"]
[EventDate "2005.08.20"]
[EventType "swiss"]
[EventRounds "6"]
[EventCountry "USA"]

1. d4 Nf6 2. c4 g6 3. Nc3 d6 4. e4 Bg7 5. Nf3 O-O 6. Be2 e5 7. O-O Nc6 8. d5
Ne7 9. Ne1 h5 10. b4 Bg4 11. Bxg4 Nxg4 12. f3 Nh6 13. c5 f5 14. Be3 f4 15. Bf2
Qd7 16. Nd3 g5 17. h3 g4 18. fxg4 hxg4 19. hxg4 Qxg4 20. Qxg4 Nxg4 21. Nb5 Nxd5
22. exd5 e4 23. Rad1 exd3 24. Rxd3 dxc5 25. bxc5 Rf7 26. Bd4 Bxd4+ 27. Rxd4 Ne3
28. Rfxf4 Rxf4 29. Rxf4 Nxd5 30. Rd4 c6 31. Nd6 b6 32. Rc4 b5 33. Rd4 a5 34.
Nxb5 Nb4 35. Nc3 Re8 36. Rg4+ Kh7 37. a3 Nd3 38. Ra4 Nxc5 39. Rxa5 Nd3 40. Ra7+
Kg6 41. Rc7 c5 42. Ne4 Ra8 43. Nxc5 Nxc5 44. Rxc5 Rxa3 {a theoretical draw} 45.
Kh2 Rb3 46. g3 Rb2+ 47. Kh3 Rb3 48. Kh4 Rb4+ 49. g4 Rf4 50. Rc6+ Kg7 51. Kg5
Ra4 52. Rc7+ Kg8 53. Kh5 Ra5+ 54. g5 {
remainder illegible; still a theoretical draw} 1-0

[Event "Bernardo Smith Memorial"]
[Site "San Francisco"]
[Date "2005.08.21"]
[Round "5"]
[White "Martin, John"]
[Black "Shenkman, Nikita"]
[Result "1-0"]
[WhiteElo "1304"]
[BlackElo "1062"]
[PlyCount "101"]
[EventDate "2005.08.20"]
[EventType "swiss"]
[EventRounds "6"]
[EventCountry "USA"]

1. d4 d5 2. Nf3 Nf6 3. g3 Nc6 4. Bg2 e6 5. O-O Bd6 6. Re1 O-O 7. a3 Re8 8. c4
dxc4 9. Nc3 Re7 10. e4 e5 11. dxe5 Nxe5 12. Nxe5 Rxe5 13. Bf4 Re8 14. e5 Bxe5
15. Qxd8 Rxd8 16. Bxe5 Ne8 17. Rad1 Be6 18. Rxd8 Rxd8 19. Bxb7 Rb8 20. Bc6 Nd6
21. Nd5 Bxd5 22. Bxd5 Re8 23. Bc3 Rc8 24. Bb4 c5 25. Bc3 Kf8 26. Kf1 Rb8 27.
Be5 Rd8 28. Bxd6+ Rxd6 29. Bxc4 Rd2 30. Bb5 g6 31. b3 Rb2 32. Bc4 Kg7 33. a4
Kf6 34. Re4 Rb1+ 35. Kg2 Kg7 36. Rf4 f5 37. Rf3 Kf6 38. g4 Kg5 39. gxf5 gxf5
40. Bd3 Rxb3 41. Rxf5+ Kh6 42. Bb5 Rc3 43. Rf4 Kg5 44. Rc4 Rxc4 45. Bxc4 Kf4
46. Bb5 Ke5 47. Kf3 Kd4 48. Ke2 Kc3 49. f4 c4 50. f5 Kd4 51. f6 1-0

[Event "Bernardo Smith Memorial"]
[Site "San Francisco"]
[Date "2005.08.21"]
[Round "5"]
[White "Parker, Harold"]
[Black "Chiang, Jim"]
[Result "1-0"]
[WhiteElo "1540"]
[BlackElo "1415"]
[PlyCount "126"]
[EventDate "2005.08.20"]
[EventType "swiss"]
[EventRounds "6"]
[EventCountry "USA"]

1. e4 d6 2. d4 Nf6 3. Nc3 g6 4. Nf3 Bg7 5. Be2 O-O 6. O-O h6 7. h3 Nbd7 8. Be3
c6 9. a4 a5 10. Rb1 e5 11. dxe5 Nxe5 12. Nxe5 dxe5 13. Qc1 Kh7 14. Rd1 Qc7 15.
Qd2 Be6 16. Qd6 Qxd6 17. Rxd6 Rfd8 18. Rbd1 Rxd6 19. Rxd6 Ne8 20. Rd1 Bf6 21.
Bc5 Rd8 22. Kf1 Rxd1+ 23. Nxd1 Bd8 24. Ne3 Bc7 25. Nc4 Bxc4 26. Bxc4 Kg7 27.
Ke2 Nd6 28. Bd3 b6 29. Be3 c5 30. c3 c4 31. Bc2 b5 32. axb5 Nxb5 33. Ba4 Nd6
34. f3 h5 35. Bc6 Kf6 36. Bc5 Ke6 37. Bd5+ Ke7 38. Bxc4 Kf6 39. Bxd6 Bxd6 40.
g4 hxg4 41. hxg4 g5 42. Bd5 Ke7 43. Kd3 f6 44. Kc4 Bc7 45. Kb5 Kd6 46. b3 Bd8
47. c4 Bc7 48. c5+ Kd7 49. Ka6 Kc8 50. Ka7 Bb8+ 51. Kb6 Bc7+ 52. Kc6 Kd8 53.
Kb7 Kd7 54. Be6+ Kd8 55. Kc6 Bb8 56. Kb7 Bc7 57. Bf5 a4 58. bxa4 Ba5 59. c6 Bc7
60. Ka6 Bb8 61. a5 Kc7 62. Bd7 Kd6 63. Kb7 Bc7 1-0

[Event "Bernardo Smith Memorial"]
[Site "San Francisco"]
[Date "2005.08.21"]
[Round "5"]
[White "Salvo, Tab"]
[Black "Woebcke, Carl"]
[Result "1-0"]
[WhiteElo "1651"]
[BlackElo "1751"]
[PlyCount "81"]
[EventDate "2005.08.20"]
[EventType "swiss"]
[EventRounds "6"]
[EventCountry "USA"]

1. Nf3 d5 2. c4 c6 3. b3 Bf5 4. g3 Nf6 5. Bg2 Nbd7 6. Bb2 e6 7. O-O Be7 8. d3
h6 9. Nbd2 O-O 10. Re1 Bh7 11. e4 Nc5 12. Qc2 dxe4 13. dxe4 Nd3 14. Re2 Ng4 15.
Bd4 Nc5 16. Qc3 Bf6 17. e5 Be7 18. h3 Nxf2 19. Bxf2 Qc7 20. Ne1 Rfd8 21. Ne4
Nxe4 22. Bxe4 f5 23. Bc2 a5 24. Nf3 Bb4 25. Qe3 b5 26. a3 Be7 27. Qb6 Qxb6 28.
Bxb6 Rd7 29. cxb5 cxb5 30. Bf2 Rc8 31. Nd4 Rdc7 32. Bd3 Rc1+ 33. Rxc1 Rxc1+ 34.
Kg2 Bxa3 35. Bxb5 Kf8 36. Bc4 Ke7 37. Nc6+ Kd7 38. Nxa5 Bg8 39. Ra2 Bb4 40.
Bb5+ Kc7 41. Nc4 1-0

[Event "Bernardo Smith Memorial"]
[Site "San Francisco"]
[Date "2005.08.21"]
[Round "5"]
[White "Triptow, Tim"]
[Black "Dunham, Tom"]
[Result "0-1"]
[WhiteElo "670"]
[BlackElo "1206"]
[PlyCount "58"]
[EventDate "2005.08.20"]
[EventType "swiss"]
[EventRounds "6"]
[EventCountry "USA"]

1. e4 c5 2. Bc4 d6 3. d3 a6 4. c3 Nf6 5. Nf3 b5 6. Bd5 Nxd5 7. exd5 Bb7 8. c4
g6 9. O-O Nd7 10. Be3 Bg7 11. Nbd2 b4 12. Ne4 Bxb2 13. Rb1 Bg7 14. Nfg5 h6 15.
Nf3 O-O 16. Ng3 a5 17. a3 Kh8 {move unclear on scoresheet} 18. Nh4 Rb8 19. a4
Bc8 20. Qf3 Ne5 21. Qe4 Bd7 22. Bf4 g5 23. Nhf5 Bxf5 24. Qxf5 gxf4 25. Qxf4 Ng6
26. Qf5 b3 27. Nh5 Rb4 28. Nxg7 Kxg7 29. g3 Qc8 0-1

[Event "Bernardo Smith Memorial"]
[Site "San Francisco"]
[Date "2005.08.21"]
[Round "6"]
[White "Chiang, Jim"]
[Black "Martin, John"]
[Result "1-0"]
[WhiteElo "1415"]
[BlackElo "1304"]
[PlyCount "49"]
[EventDate "2005.08.20"]
[EventType "swiss"]
[EventRounds "6"]
[EventCountry "USA"]

1. Nf3 d5 2. g3 Nc6 3. Bg2 Nf6 4. O-O g6 5. h3 Bg7 6. d3 O-O 7. Nbd2 e5 8. c3
Re8 9. Qc2 Bf5 10. e4 dxe4 11. Nxe4 Nxe4 12. dxe4 Be6 13. Bg5 Qc8 14. Kh2 h6
15. Be3 b6 16. Rad1 Rd8 17. Rxd8+ Qxd8 18. Rd1 Qe7 19. b3 Rf8 20. Qc1 Kh7 21.
Rf1 f5 22. exf5 gxf5 23. Nh4 Nd8 24. Nxf5 Rxf5 25. Qc2 {remainder illegible}
1-0

[Event "Bernardo Smith Memorial"]
[Site "San Francisco"]
[Date "2005.08.21"]
[Round "6"]
[White "Litowsky, Dan"]
[Black "Parker, Harold"]
[Result "1-0"]
[WhiteElo "1700"]
[BlackElo "1540"]
[PlyCount "52"]
[EventDate "2005.08.20"]
[EventType "swiss"]
[EventRounds "6"]
[EventCountry "USA"]

1. e4 e5 2. Nc3 Nf6 3. Bc4 Nxe4 4. Bxf7+ Kxf7 5. Nxe4 d5 6. Qf3+ Kg8 7. Ng5 Qd7
8. d3 h6 9. N5h3 c6 10. b3 Qf5 11. Bb2 Bd6 12. O-O-O Kh7 13. Re1 Re8 14. Qg3 g5
15. Ne2 Qg4 16. f3 Qxg3 17. hxg3 Bxh3 18. Rxh3 Nd7 19. Reh1 Re6 20. g4 Rg8 21.
Ng3 Rgg6 22. Nf5 Bf8 23. Kb1 Nb6 24. Bc1 Nc8 25. Rh5 Kg8 26. g3 Nd6 {
remainder illegible} 1-0

[Event "Bernardo Smith Memorial"]
[Site "San Francisco"]
[Date "2005.08.21"]
[Round "6"]
[White "Salvo, Tab"]
[Black "Gomatam, Arun"]
[Result "1-0"]
[WhiteElo "1651"]
[BlackElo "1389"]
[PlyCount "24"]
[EventDate "2005.08.20"]
[EventType "swiss"]
[EventRounds "6"]
[EventCountry "USA"]

1. Nf3 d5 2. c4 Nf6 3. g3 c6 4. b3 Nbd7 5. Bb2 e6 6. Bg2 Bc5 7. O-O O-O 8. d3
Re8 9. Nbd2 e5 10. e4 d4 11. h3 Nf8 12. a3 Ng6 {remainder illegible} 1-0

[Event "Bernardo Smith Memorial"]
[Site "San Francisco"]
[Date "2005.08.21"]
[Round "6"]
[White "Sathe, Rohan"]
[Black "Duran, Robert"]
[Result "0-1"]
[WhiteElo "1694"]
[BlackElo "1507"]
[PlyCount "96"]
[EventDate "2005.08.20"]
[EventType "swiss"]
[EventRounds "6"]
[EventCountry "USA"]

1. d4 d5 2. Nf3 Nd7 3. Bf4 Ngf6 4. e3 e6 5. Bd3 Ne4 6. Nbd2 Ndf6 7. c3 Bd6 8.
Bg3 b6 9. Qc2 Bb7 10. Bh4 Qd7 11. Bxf6 gxf6 12. c4 c6 13. Nxe4 dxe4 14. Bxe4
Bb4+ 15. Nd2 f5 16. Bf3 O-O-O 17. a3 Bxd2+ 18. Qxd2 c5 19. O-O-O Qa4 20. Bxb7+
Kxb7 21. Qc2 Qc6 22. dxc5 Qxc5 23. Qa4 f4 24. Rd7+ Rxd7 25. Qxd7+ Kb8 26. Qd4
Rc8 27. Qxc5 Rxc5 28. b3 b5 29. Kb2 bxc4 30. Rc1 fxe3 31. fxe3 Re5 32. Rxc4
Rxe3 33. Rc2 f5 34. Rc3 Re2+ 35. Rc2 Rxc2+ 36. Kxc2 h5 37. Kd3 e5 38. Kc4 Kc7
39. Kc5 e4 40. Kd4 h4 41. b4 a6 42. a4 Kc6 43. Ke3 Kd5 44. Kf2 f4 45. b5 axb5
46. axb5 Kc5 47. g4 fxg3+ 48. Ke3 Kxb5 0-1

[Event "Bernardo Smith Memorial"]
[Site "San Francisco"]
[Date "2005.08.21"]
[Round "6"]
[White "Triptow, Tim"]
[Black "Wilson, Stephen"]
[Result "0-1"]
[WhiteElo "670"]
[BlackElo "1140"]
[PlyCount "108"]
[EventDate "2005.08.20"]
[EventType "swiss"]
[EventRounds "6"]
[EventCountry "USA"]

1. e4 e5 2. Nf3 Nc6 3. d3 Bc5 4. d4 exd4 5. g3 Nf6 6. Nbd2 O-O 7. Bg2 d5 8. e5
Nxe5 9. Nxe5 Re8 10. Ndf3 Bg4 11. O-O Rxe5 12. h3 Bxf3 13. Bxf3 Ne4 14. Re1 d3
15. Bxe4 dxe4 16. Bf4 Re6 17. cxd3 Qd4 18. Be3 Qd6 19. Qg4 Rae8 20. d4 Bxd4 21.
Rad1 c5 22. a3 b6 23. Kg2 Rg6 24. Bf4 Rxg4 25. Bxd6 Rg6 26. Bf4 Bxb2 27. Rd7
Bxa3 28. Red1 Rge6 29. Rd8 c4 30. Bb8 a5 31. R1d7 c3 32. Bf4 c2 33. Bg5 c1=Q
34. Bxc1 Bxc1 35. Rd6 Kf8 36. R8d7 a4 37. Rd1 Ba3 38. Ra1 Bc5 39. Rxa4 e3 40.
Raa7 R6e7 41. fxe3 Rxd7 42. Rxd7 Bxe3 43. Kf3 g6 44. g4 Bc5 45. Kf4 Kg7 46. Kg5
h6+ 47. Kf4 Re7 48. Rd3 Rb7 49. Ke4 b5 50. Rf3 b4 51. Rb3 Re7+ 52. Kd5 Re3 53.
Kc4 Rxb3 54. Kxb3 h5 0-1

[Event "David Gee TNM"]
[Site "San Francisco"]
[Date "2005.09.20"]
[Round "5"]
[White "Naroditsky, Daniel"]
[Black "Sanguinetti, George"]
[Result "1/2-1/2"]
[WhiteElo "1872"]
[BlackElo "1978"]
[PlyCount "99"]
[EventDate "2005.08.23"]
[EventType "swiss"]
[EventRounds "8"]
[EventCountry "USA"]

1. e4 c5 2. c3 d5 3. exd5 Nf6 4. Bb5+ Nbd7 5. d4 cxd4 6. Qxd4 g6 7. Nf3 Bg7 8.
d6 O-O 9. O-O e5 10. Nxe5 Nxe5 11. Qxe5 a6 12. Ba4 b5 13. Bb3 Re8 14. Qc5 Ng4
15. h3 Ne5 16. Be3 Qh4 17. f4 Nc4 18. Bxc4 bxc4 19. Bf2 Qxf4 20. Bd4 Bxd4+ 21.
Qxd4 Qxd4+ 22. cxd4 Rb8 23. Nc3 Bf5 24. Nd5 Kg7 25. Rae1 Red8 26. Re5 Rxd6 27.
g4 Be6 28. Nc7 Rxd4 29. Rxe6 Rd7 30. Rc6 Rxb2 31. Rxc4 Rxa2 32. Rf2 Ra3 33. Kg2
Rdd3 34. Rcf4 Rg3+ 35. Kf1 Ra1+ 36. Ke2 Ra2+ 37. Kf1 Rxf2+ 38. Kxf2 Rxh3 39.
Nxa6 h5 40. gxh5 Rxh5 41. Nc7 Re5 42. Rd4 f5 43. Kf3 Kh6 44. Nd5 g5 45. Ne3 Kg6
46. Rd6+ Kh5 47. Rd5 Rxd5 48. Nxd5 Kh4 49. Ne3 g4+ 50. Kf4 1/2-1/2

[Event "David Gee TNM"]
[Site "San Francisco"]
[Date "2005.10.04"]
[Round "7"]
[White "Allen, Tom"]
[Black "Standen, Julian"]
[Result "0-1"]
[WhiteElo "1853"]
[BlackElo "1769"]
[PlyCount "89"]
[EventDate "2005.08.23"]
[EventType "swiss"]
[EventRounds "8"]
[EventCountry "USA"]

1. e4 c6 2. d4 d5 3. e5 Bf5 4. Nc3 Qd7 5. Bd3 Bxd3 6. Qxd3 e6 7. Nf3 c5 8. b3
cxd4 9. Nxd4 Nc6 10. Nxc6 Qxc6 11. O-O Rc8 12. Bb2 Bb4 13. Qg3 Ne7 14. Na4 Nf5
15. Qf4 Be7 16. c4 dxc4 17. Rac1 b5 18. Nc3 b4 19. Ne4 c3 20. Nd6+ Nxd6 21.
Qxb4 Nf5 22. Qf4 O-O 23. Rxc3 Qd7 24. Rh3 Rfd8 25. g4 Nh6 26. Bc1 Qd4 27. Qxd4
Rxd4 28. Bxh6 Rxg4+ 29. Kh1 gxh6 30. Rxh6 Rc2 31. f4 Rg6 32. Rh3 Rxa2 33. Rhf3
Rag2 34. f5 exf5 35. Rxf5 Bc5 36. h3 Rg1+ 37. Rxg1 Rxg1+ 38. Kh2 Rc1 39. Rf3
Rc2+ 40. Kg3 Bd4 41. Kf4 Rc3 42. Rxc3 Bxc3 43. Kf5 Kg7 44. h4 Bd2 45. h5 0-1

[Event "David Gee TNM"]
[Site "San Francisco"]
[Date "2005.10.04"]
[Round "7"]
[White "Capdeville, Barry"]
[Black "Braden, Brian"]
[Result "0-1"]
[WhiteElo "1211"]
[BlackElo "1114"]
[PlyCount "50"]
[EventDate "2005.08.23"]
[EventType "swiss"]
[EventRounds "8"]
[EventCountry "USA"]

1. e4 e5 2. Nf3 d6 3. Bc4 Be7 4. d4 exd4 5. Nxd4 Nf6 6. Nf5 Bxf5 7. exf5 O-O 8.
Bg5 Qd7 9. O-O Qxf5 10. Bh4 Nc6 11. Bd3 Qd7 12. Bxf6 Bxf6 13. c3 Rfe8 14. Nd2
g6 15. f4 Bg7 16. f5 Ne5 17. Bc2 Qc6 18. fxg6 fxg6 19. Bb3+ d5 20. Ne4 Kh8 21.
Bxd5 Qb6+ 22. Kh1 Rad8 23. c4 Nxc4 24. Qe2 Rxd5 25. Qxc4 Rd4 0-1

[Event "David Gee TNM"]
[Site "San Francisco"]
[Date "2005.10.04"]
[Round "7"]
[White "Chalissery, Jossy"]
[Black "Woebcke, Carl"]
[Result "1-0"]
[WhiteElo "1649"]
[BlackElo "1751"]
[PlyCount "75"]
[EventDate "2005.08.23"]
[EventType "swiss"]
[EventRounds "8"]
[EventCountry "USA"]

1. Nf3 d5 2. g3 c5 3. Bg2 Nc6 4. O-O g6 5. d3 Bg7 6. e4 Nf6 7. exd5 Nxd5 8. c3
O-O 9. Re1 e5 10. Bg5 Qc7 11. Qd2 Nde7 12. Bh6 Bxh6 13. Qxh6 Nf5 14. Qg5 f6 15.
Qc1 Qb6 16. Nbd2 Nd6 17. Nh4 Be6 18. Ne4 Nxe4 19. Bxe4 f5 20. Bg2 f4 21. Nf3
fxg3 22. hxg3 c4 23. dxc4 Bg4 24. Qe3 Qxe3 25. Rxe3 Rf5 26. Nh4 Rf6 27. Bf3
Bxf3 28. Rxf3 Raf8 29. Rxf6 Rxf6 30. Rd1 Rf7 31. Ng2 Kg7 32. Ne3 e4 33. Rd5 Kf6
34. Kf1 Ke6 35. Ke2 Ne5 36. Rd4 h5 37. Rxe4 Rc7 38. f4 1-0

[Event "David Gee TNM"]
[Site "San Francisco"]
[Date "2005.10.04"]
[Round "7"]
[White "Chan, John"]
[Black "Barrera, Jorge"]
[Result "1-0"]
[WhiteElo "1644"]
[BlackElo "1372"]
[PlyCount "29"]
[EventDate "2005.08.23"]
[EventType "swiss"]
[EventRounds "8"]
[EventCountry "USA"]

1. c4 Nf6 2. Nc3 e6 3. e4 Be7 4. e5 Ng8 5. Nf3 f6 6. d4 d6 7. Bd3 Nc6 8. exd6
Bxd6 9. O-O b6 10. Re1 Nge7 11. a3 O-O 12. b4 Nxd4 13. Nxd4 Bxh2+ 14. Kxh2 Qxd4
15. Bxh7+ 1-0

[Event "David Gee TNM"]
[Site "San Francisco"]
[Date "2005.10.04"]
[Round "7"]
[White "Crawford, Gareth"]
[Black "Bertot, German"]
[Result "1/2-1/2"]
[WhiteElo "1336"]
[BlackElo "1365"]
[PlyCount "55"]
[EventDate "2005.08.23"]
[EventType "swiss"]
[EventRounds "8"]
[EventCountry "USA"]

1. e4 e5 2. Nf3 Nc6 3. Bb5 a6 4. Bxc6 bxc6 5. O-O d6 6. d4 exd4 7. Nxd4 c5 8.
Nb3 Be7 9. Nc3 Nf6 10. Re1 h6 11. h3 O-O 12. e5 Nd7 13. Bf4 Nxe5 14. Bxe5 dxe5
15. Qxd8 Rxd8 16. Rxe5 Bd6 17. Re2 Rb8 18. Rb1 Be6 19. Ne4 c4 20. Nxd6 cxd6 21.
Nd4 Bd7 22. c3 Re8 23. Rbe1 Kf8 24. Rxe8+ Bxe8 25. Re2 Bd7 26. Kh2 a5 27. a3 g6
28. g3 1/2-1/2

[Event "David Gee TNM"]
[Site "San Francisco"]
[Date "2005.10.04"]
[Round "7"]
[White "Drane, Robert"]
[Black "Crawford, Nat"]
[Result "1-0"]
[WhiteElo "1853"]
[BlackElo "1552"]
[PlyCount "71"]
[EventDate "2005.08.23"]
[EventType "swiss"]
[EventRounds "8"]
[EventCountry "USA"]

1. e4 d5 2. Nc3 d4 3. Nce2 e5 4. Nf3 Nc6 5. Ng3 a6 6. Bc4 Be6 7. Bxe6 fxe6 8.
d3 Bb4+ 9. Bd2 Bxd2+ 10. Qxd2 h6 11. h4 g6 12. Rh3 Nf6 13. c3 Ng4 14. Qd1 Qf6
15. Nh1 h5 16. Qb3 O-O-O 17. Ng5 dxc3 18. bxc3 Rdf8 19. Rf3 Qe7 20. Nxe6 Rxf3
21. gxf3 Nf6 22. Ng5 Rd8 23. Ke2 Nh7 24. Nxh7 Qxh7 25. Rb1 b6 26. Qc4 Kb7 27.
Ng3 Qh6 28. Nf1 g5 29. hxg5 Qxg5 30. Ne3 Qg7 31. Nd5 h4 32. Qc5 Rxd5 33. exd5
Na7 34. d6 Nb5 35. Qb4 e4 36. Qxe4+ 1-0

[Event "David Gee TNM"]
[Site "San Francisco"]
[Date "2005.10.04"]
[Round "7"]
[White "Grey, Peter"]
[Black "Riese, Kayven"]
[Result "0-1"]
[WhiteElo "2024"]
[BlackElo "1865"]
[PlyCount "70"]
[EventDate "2005.08.23"]
[EventType "swiss"]
[EventRounds "8"]
[EventCountry "USA"]

1. Nf3 c5 2. c4 Nc6 3. Nc3 Nd4 4. e3 Nxf3+ 5. Qxf3 g6 6. d4 cxd4 7. exd4 Bg7 8.
Be3 f5 9. O-O-O Nf6 10. Bf4 O-O 11. Kb1 d6 12. Qe3 Bd7 13. Be2 Re8 14. h4 h5
15. Bh6 Bh8 16. Bg5 a6 17. Qg3 Kh7 18. Bf4 Qa5 19. Qg5 Bg7 20. Rh3 Rec8 21. Rg3
Be8 22. Nd5 Nxd5 23. cxd5 Bf7 24. Bxh5 Kh8 25. Bxg6 Bxd5 26. Qh5+ Kg8 27. Bf7+
Bxf7 28. Rxg7+ Kxg7 29. Bh6+ Kf6 30. Qg5+ Ke6 31. d5+ Kd7 32. Qxf5+ Ke8 33. g4
Rc5 34. Bd2 Qa4 35. b3 Qd7 0-1

[Event "David Gee TNM"]
[Site "San Francisco"]
[Date "2005.10.04"]
[Round "7"]
[White "Hilliard, Michael"]
[Black "Nochomovitz, Yigal"]
[Result "0-1"]
[WhiteElo "1436"]
[BlackElo "1715"]
[PlyCount "56"]
[EventDate "2005.08.23"]
[EventType "swiss"]
[EventRounds "8"]
[EventCountry "USA"]

1. d4 e6 2. Nf3 f5 3. Nc3 Nf6 4. Bf4 Be7 5. e3 O-O 6. h4 d6 7. Bd3 Nc6 8. Qd2
Qe8 9. O-O-O a6 10. e4 fxe4 11. Nxe4 Nxe4 12. Bxe4 d5 13. Bd3 Nb4 14. Kb1 Nxd3
15. cxd3 c6 16. Ne5 a5 17. Bg5 Bd6 18. Rde1 Bb4 19. Qe3 Bxe1 20. Rxe1 b6 21.
Qg3 Ba6 22. Rh1 c5 23. Bh6 Ra7 24. Be3 cxd4 25. Bxd4 Qa4 26. Qg4 Rf5 27. f3 Rc7
28. h5 Qc2+ 0-1